Muscles of the Human Body - Statistics

General Stats
  • This quiz has been taken 110 times
  • The average score is 9 of 29
Answer Stats
Hint Answer % Correct
Arm Biceps brachii
65%
Arm Triceps brachii
59%
Torso Deltoid
57%
Leg Gastrocnemius
52%
Torso Trapezius
51%
Torso Pectoralis major
47%
Leg Tibialis anterior
43%
Torso Gluteus maximus
41%
Leg Rectus femoris
41%
Hamstrings Biceps femoris
40%
Leg Vastus lateralis
37%
Leg Vastus medialis
37%
Hamstrings Semimembranosus
33%
Head Temporalis
31%
Torso External oblique
30%
Hamstrings Semitendinosus
30%
Torso Rectus abdominis
27%
Head Masseter
26%
Head Frontalis
22%
Head Sternocleidomastoid
21%
Arm Flexor carpi
17%
Arm Extensor carpi
11%
Leg Patellar tendon
9%
Leg Achilles tendon
7%
Torso Aponeurosis
7%
Leg Thigh adductor
7%
Head Depressor anguli oris
4%
Leg Ilitibital band
4%
Head Levator anguli oris
4%
No matching quizzes found
Score Distribution
Percent of People with Each Score
Percentile by Number Answered
Your Score History
You have not taken this quiz